[Event "Madrid-chT 2324"]
[Site "Madrid"]
[Date "2023.12.17"]
[Round "4.4"]
[White "Garcia Dorado, Alberto"]
[Black "Garrido Olivares, Ricard"]
[Result "1-0"]
[WhiteElo "2197"]
[BlackElo "2156"]
[PlyCount "61"]
[EventDate "2023.11.19"]
[EventType "team-tourn"]
[EventRounds "14"]
[EventCountry "ESP"]
[SourceTitle "AjedrezenMadrid"]
[Source "lmi"]
[SourceDate "2023.11.19"]
[SourceVersion "1"]
[SourceVersionDate "2024.03.19"]
[SourceQuality "1"]
[WhiteTeam "Alcorcon Diagonal"]
[BlackTeam "San Fernando de Henares"]
[WhiteTeamCountry "ESP"]
[BlackTeamCountry "ESP"]

1. d4 d5 2. c4 dxc4 3. Nf3 Nf6 4. e3 e6 5. Bxc4 c5 6. O-O a6 7. Nc3 b5 8. Bd3
Nbd7 9. a4 c4 10. Be2 Rb8 11. axb5 axb5 12. Qc2 Bb7 13. Nd2 Qc8 14. Bf3 Bxf3
15. Nxf3 Qb7 16. Re1 Be7 17. e4 O-O 18. Bg5 Rfe8 19. e5 Nd5 20. Bxe7 Rxe7 21.
Ng5 f5 22. exf6 N7xf6 23. Ra5 Qd7 24. Nf3 Nb4 25. Qe2 Nd3 26. Rea1 Nd5 27. Ne5
N5f4 28. Qe4 Nxe5 29. Qxe5 Rf8 30. Ra8 Ree8 31. R8a7 1-0

[Event "Madrid-chT 2324"]
[Site "Madrid"]
[Date "2023.12.17"]
[Round "4.4"]
[White "Garcia Luengo, Leandro"]
[Black "Martinez Fernandez, Raul"]
[Result "0-1"]
[WhiteElo "2297"]
[BlackElo "2212"]
[PlyCount "115"]
[EventDate "2023.11.19"]
[EventType "team-tourn"]
[EventRounds "14"]
[EventCountry "ESP"]
[SourceTitle "AjedrezenMadrid"]
[Source "lmi"]
[SourceDate "2023.11.19"]
[SourceVersion "1"]
[SourceVersionDate "2024.03.19"]
[SourceQuality "1"]
[WhiteTeam "Villalba 64"]
[BlackTeam "San Sebastian de los Reyes"]
[WhiteTeamCountry "ESP"]
[BlackTeamCountry "ESP"]

1. e4 e5 2. Nf3 Nc6 3. Bb5 Bc5 4. d3 Nge7 5. Be3 Bxe3 6. fxe3 O-O 7. O-O d5 8.
exd5 Qxd5 9. Nc3 Qc5 10. Qd2 h6 11. Kh1 Be6 12. Ba4 Rad8 13. Bb3 Bxb3 14. axb3
f5 15. e4 f4 16. Qf2 Qxf2 17. Rxf2 g5 18. h3 a5 19. Nb5 Rd7 20. Ra4 Rfd8 21.
Rc4 Kg7 22. Rc5 Kf6 23. Rf1 Ng6 24. Nd2 Nf8 25. Nc3 Ne6 26. Nd5+ Kg7 27. Rc4
Ncd4 28. Nf3 b5 29. Nxd4 Nxd4 30. Rxc7 Rxc7 31. Nxc7 Rc8 32. c3 Ne2 33. Nxb5
Ng3+ 34. Kg1 Nxf1 35. Kxf1 Rb8 36. c4 h5 37. Ke2 g4 38. hxg4 hxg4 39. d4 Kf6
40. d5 Rh8 41. Kf2 Rh1 42. c5 g3+ 43. Ke2 Rg1 44. c6 Rxg2+ 45. Kd3 f3 46. c7 f2
47. Ke2 Rg1 48. c8=Q f1=Q+ 49. Ke3 Qf2+ 50. Kd3 Qf3+ 51. Kc4 Qxe4+ 52. Kc5 Rc1+
53. Nc3 Qb4+ 54. Kc6 Rxc3+ 55. bxc3 Qxc3+ 56. Kd7 Qxc8+ 57. Kxc8 g2 58. d6 0-1

[Event "Madrid-chT 2324"]
[Site "Madrid"]
[Date "2023.12.17"]
[Round "4.5"]
[White "Fernandez Alvarez, Luis"]
[Black "Amador Garcia, Ismael"]
[Result "1-0"]
[WhiteElo "2190"]
[BlackElo "2262"]
[PlyCount "69"]
[EventDate "2023.11.19"]
[EventType "team-tourn"]
[EventRounds "14"]
[EventCountry "ESP"]
[SourceTitle "AjedrezenMadrid"]
[Source "lmi"]
[SourceDate "2023.11.19"]
[SourceVersion "1"]
[SourceVersionDate "2024.03.19"]
[SourceQuality "1"]
[WhiteTeam "San Sebastian de los Reyes"]
[BlackTeam "Villalba 64"]
[WhiteTeamCountry "ESP"]
[BlackTeamCountry "ESP"]

1. e4 e5 2. Nf3 Nc6 3. Bb5 a6 4. Bxc6 dxc6 5. O-O Bd6 6. d4 exd4 7. Qxd4 f6 8.
Be3 Be6 9. Nbd2 Ne7 10. Qc3 a5 11. a3 O-O 12. Nd4 Bf7 13. Nc4 a4 14. Rad1 Qc8
15. Rd2 Kh8 16. Rfd1 Qg4 17. f3 Qh4 18. g3 Qh5 19. Kg2 f5 20. Nxf5 Nxf5 21.
exf5 Bd5 22. Rxd5 cxd5 23. Nxd6 cxd6 24. Rxd5 Rae8 25. g4 Qf7 26. Rxd6 Re7 27.
Qd4 Rfe8 28. Bg5 Re2+ 29. Kh3 Qc7 30. f6 Qxc2 31. fxg7+ Kg8 32. Qd5+ Kxg7 33.
Rd7+ Kg6 34. Qf7+ Kxg5 35. f4+ 1-0

[Event "Madrid-chT 2324"]
[Site "Madrid"]
[Date "2023.12.17"]
[Round "4.5"]
[White "Medina Riesgo, Pedro"]
[Black "Blanco Garcia, Liliam Barbara"]
[Result "1/2-1/2"]
[WhiteElo "2162"]
[BlackElo "2049"]
[PlyCount "87"]
[EventDate "2023.11.19"]
[EventType "team-tourn"]
[EventRounds "14"]
[EventCountry "ESP"]
[SourceTitle "AjedrezenMadrid"]
[Source "lmi"]
[SourceDate "2023.11.19"]
[SourceVersion "1"]
[SourceVersionDate "2024.03.19"]
[SourceQuality "1"]
[WhiteTeam "Mostoles"]
[BlackTeam "Collado Villalba"]
[WhiteTeamCountry "ESP"]
[BlackTeamCountry "ESP"]

1. e4 e5 2. Nf3 Nc6 3. Bb5 a6 4. Ba4 Nf6 5. d3 b5 6. Bb3 d6 7. c3 Be7 8. Nbd2
Bb7 9. Nf1 Na5 10. Bc2 d5 11. Qe2 O-O 12. Ng3 c5 13. O-O Re8 14. Nxe5 Bd6 15.
Ng4 dxe4 16. Nxf6+ Qxf6 17. dxe4 Bxg3 18. hxg3 Qe6 19. Re1 f5 20. e5 Qc6 21. f4
Nc4 22. Qf2 g6 23. Bb3 Kg7 24. Bxc4 bxc4 25. Be3 Rac8 26. Rad1 Re6 27. Bxc5 Qb5
28. Rd6 Kf7 29. Ba3 Rc7 30. g4 Rd7 31. Qh4 Rdxd6 32. Qxh7+ Ke8 33. Bxd6 Qd5 34.
Re2 fxg4 35. Qg8+ Kd7 36. Qf7+ Kd8 37. Qc7+ Ke8 38. Qb8+ Kd7 39. Rd2 Qe4 40.
Bc5+ Kc6 41. Bf2 Kb5 42. Bh4 Qe3+ 43. Bf2 Qe4 44. Bh4 1/2-1/2

[Event "Madrid-chT 2324"]
[Site "Madrid"]
[Date "2023.12.17"]
[Round "4.5"]
[White "Sempere Domenech, Abel"]
[Black "Aguilera Lopez, Alejandro"]
[Result "1-0"]
[WhiteElo "1979"]
[BlackElo "2176"]
[PlyCount "105"]
[EventDate "2023.11.19"]
[EventType "team-tourn"]
[EventRounds "14"]
[EventCountry "ESP"]
[SourceTitle "AjedrezenMadrid"]
[Source "lmi"]
[SourceDate "2023.11.19"]
[SourceVersion "1"]
[SourceVersionDate "2024.03.19"]
[SourceQuality "1"]
[WhiteTeam "San Fernando de Henares"]
[BlackTeam "Alcorcon Diagonal"]
[WhiteTeamCountry "ESP"]
[BlackTeamCountry "ESP"]

1. d4 Nf6 2. c4 e6 3. Nc3 d5 4. cxd5 exd5 5. Bg5 Be7 6. e3 Nbd7 7. Bd3 h6 8.
Bh4 O-O 9. Nge2 c6 10. O-O Ne4 11. Bxe7 Qxe7 12. Bxe4 dxe4 13. d5 Nf6 14. dxc6
bxc6 15. Qa4 Rb8 16. Qxc6 Rxb2 17. Rab1 Rd2 18. Rfd1 Rxd1+ 19. Rxd1 Bg4 20. h3
Rc8 21. Qa6 Be6 22. Qd6 Kf8 23. Qd4 Qc5 24. Qa4 a5 25. Nxe4 Nxe4 26. Qxe4 Qc2
27. Qxc2 Rxc2 28. Nd4 Rxa2 29. Nxe6+ fxe6 30. Rd7 a4 31. Ra7 a3 32. h4 Ra1+ 33.
Kh2 a2 34. Kg3 Ke8 35. Kf3 Kd8 36. g3 Kc8 37. Ke4 Kb8 38. Ra3 Kc7 39. Ke5 Kb6
40. Kxe6 Kb5 41. Kf7 Kb4 42. Ra7 Kb3 43. Kxg7 h5 44. Kg6 Rf1 45. Kxh5 Rxf2 46.
g4 Rf7 47. Rxa2 Kxa2 48. g5 Kb3 49. g6 Ra7 50. Kh6 Kc3 51. g7 Ra6+ 52. Kh7 Ra4
53. h5 1-0

[Event "Madrid-chT 2324"]
[Site "Madrid"]
[Date "2023.12.17"]
[Round "4.6"]
[White "Cao Armillas, Jesus"]
[Black "Lopez Gomez, Miguel"]
[Result "1/2-1/2"]
[WhiteElo "2028"]
[BlackElo "2000"]
[PlyCount "103"]
[EventDate "2023.11.19"]
[EventType "team-tourn"]
[EventRounds "14"]
[EventCountry "ESP"]
[SourceTitle "AjedrezenMadrid"]
[Source "lmi"]
[SourceDate "2023.11.19"]
[SourceVersion "1"]
[SourceVersionDate "2024.03.19"]
[SourceQuality "1"]
[WhiteTeam "Collado Villalba"]
[BlackTeam "Mostoles"]
[WhiteTeamCountry "ESP"]
[BlackTeamCountry "ESP"]

1. d4 Nf6 2. c4 g6 3. g3 Bg7 4. Bg2 O-O 5. Nf3 d6 6. O-O Nc6 7. Nc3 a6 8. Bf4
h6 9. h3 g5 10. Be3 g4 11. hxg4 Nxg4 12. Bf4 Nxd4 13. Nxd4 e5 14. e3 exf4 15.
exf4 Re8 16. Qd3 c6 17. Rad1 Nf6 18. Nf5 Bxf5 19. Qxf5 Qc7 20. Rd3 Rad8 21.
Rfd1 Qe7 22. Re3 Qd7 23. Rxe8+ Nxe8 24. Qd3 Qe6 25. b3 Kf8 26. Ne2 Nc7 27. Nd4
Qf6 28. Nf5 Ne8 29. Ne3 Kg8 30. Be4 Qc3 31. Qxc3 Bxc3 32. Nf5 Bg7 33. Kg2 Nf6
34. Bf3 Bf8 35. Ne3 Kg7 36. g4 Kg6 37. Kg3 Re8 38. Rd4 Rd8 39. Bg2 Be7 40. f5+
Kg7 41. f4 Nd7 42. Nd1 Nc5 43. Nf2 a5 44. Nh3 Kf6 45. Rd1 h5 46. g5+ Kxf5 47.
Re1 Re8 48. Bf3 h4+ 49. Kg2 Ne6 50. Be4+ Kg4 51. Bf3+ Kf5 52. Be4+ 1/2-1/2

[Event "Madrid-chT 2324"]
[Site "Madrid"]
[Date "2023.12.17"]
[Round "4.6"]
[White "Pinto, Daniel"]
[Black "Quevedo Marin, Manuel"]
[Result "1-0"]
[WhiteElo "2257"]
[BlackElo "2132"]
[PlyCount "57"]
[EventDate "2023.11.19"]
[EventType "team-tourn"]
[EventRounds "14"]
[EventCountry "ESP"]
[SourceTitle "AjedrezenMadrid"]
[Source "lmi"]
[SourceDate "2023.11.19"]
[SourceVersion "1"]
[SourceVersionDate "2024.03.19"]
[SourceQuality "1"]
[WhiteTeam "Villalba 64"]
[BlackTeam "San Sebastian de los Reyes"]
[WhiteTeamCountry "ESP"]
[BlackTeamCountry "ESP"]

1. e4 c5 2. Nf3 Nc6 3. Bb5 Nf6 4. e5 Nd5 5. Nc3 Nc7 6. Bxc6 dxc6 7. O-O h6 8.
d3 Bf5 9. Nh4 Bh7 10. f4 g5 11. Nf3 gxf4 12. Bxf4 Nd5 13. e6 Nxf4 14. exf7+ Kd7
15. Ne5+ Kc7 16. Rxf4 Qd6 17. Qe2 Bg7 18. Re1 Raf8 19. g3 Bf6 20. h4 h5 21. Kh2
Kb8 22. Nc4 Qd7 23. Ne4 b5 24. Nxc5 Qd5 25. Ne5 Ka8 26. Ncd7 Qxa2 27. Nxf8 Rxf8
28. Nd7 Qxf7 29. Rxf6 1-0

[Event "Madrid-chT 2324"]
[Site "Madrid"]
[Date "2023.12.17"]
[Round "4.6"]
[White "Ruiz Vazquez, Javier"]
[Black "De la Esperanza Martin, Alberto"]
[Result "1-0"]
[WhiteElo "2117"]
[BlackElo "1982"]
[PlyCount "53"]
[EventDate "2023.11.19"]
[EventType "team-tourn"]
[EventRounds "14"]
[EventCountry "ESP"]
[SourceTitle "AjedrezenMadrid"]
[Source "lmi"]
[SourceDate "2023.11.19"]
[SourceVersion "1"]
[SourceVersionDate "2024.03.19"]
[SourceQuality "1"]
[WhiteTeam "Alcorcon Diagonal"]
[BlackTeam "San Fernando de Henares"]
[WhiteTeamCountry "ESP"]
[BlackTeamCountry "ESP"]

1. e4 e5 2. Nf3 Nc6 3. Bc4 Nf6 4. d3 Bc5 5. Bg5 h6 6. Bh4 a6 7. a4 O-O 8. c3 d6
9. Nbd2 a5 10. h3 Be6 11. Qb3 Bxc4 12. Nxc4 g5 13. Bg3 Qd7 14. O-O-O Rfb8 15.
d4 exd4 16. cxd4 Bb4 17. e5 Ne4 18. d5 Nc5 19. Qc2 Nxe5 20. Bxe5 dxe5 21. Nfxe5
Qxa4 22. Qf5 Qa1+ 23. Kc2 Qa4+ 24. Kb1 Rf8 25. h4 Qb3 26. hxg5 Na4 27. Rd3 1-0

[Event "Madrid-chT 2324"]
[Site "Madrid"]
[Date "2024.01.13"]
[Round "5.1"]
[White "Alonso Garcia, Aaron"]
[Black "Taboas Rodriguez, Daniel"]
[Result "1-0"]
[WhiteElo "2446"]
[BlackElo "2363"]
[PlyCount "97"]
[EventDate "2023.11.19"]
[EventType "team-tourn"]
[EventRounds "14"]
[EventCountry "ESP"]
[SourceTitle "AjedrezenMadrid"]
[Source "lmi"]
[SourceDate "2023.11.19"]
[SourceVersion "1"]
[SourceVersionDate "2024.03.19"]
[SourceQuality "1"]
[WhiteTeam "Villalba 64"]
[BlackTeam "Blanco y Negro"]
[WhiteTeamCountry "ESP"]
[BlackTeamCountry "ESP"]

1. e4 e5 2. Nf3 Nc6 3. Bb5 Nf6 4. d3 d6 5. O-O Bd7 6. Re1 Be7 7. c3 O-O 8. a4
a6 9. Bc4 Be6 10. Nbd2 Qd7 11. a5 h6 12. b4 Bxc4 13. Nxc4 Qe6 14. Bd2 Rfe8 15.
Ne3 d5 16. Qb1 dxe4 17. dxe4 Rad8 18. Ra3 Bf8 19. h3 Rd7 20. c4 Nd4 21. Nd5 c6
22. Nxd4 exd4 23. Nb6 Rdd8 24. Qd3 Bd6 25. e5 Bc7 26. f4 Bxb6 27. f5 Qe7 28.
exf6 Qxe1+ 29. Bxe1 Rxe1+ 30. Kf2 Re3 31. axb6 Rxd3 32. Rxd3 gxf6 33. Kf3 c5
34. bxc5 Rc8 35. Ke4 Rxc5 36. Kxd4 Rc8 37. c5 Kf8 38. Rc3 Rc6 39. Re3 Rc8 40.
Kc4 Rc6 41. Re4 Rc8 42. Rh4 Ke7 43. Rxh6 Rg8 44. c6 bxc6 45. Kc5 a5 46. Kxc6 a4
47. Rh4 a3 48. Re4+ Kf8 49. b7 1-0

[Event "Madrid-chT 2324"]
[Site "Madrid"]
[Date "2024.01.14"]
[Round "5.1"]
[White "Elissalt Cardenas, Hector"]
[Black "Fernandez Blazquez, Diego"]
[Result "0-1"]
[WhiteElo "2342"]
[BlackElo "2223"]
[PlyCount "100"]
[EventDate "2023.11.19"]
[EventType "team-tourn"]
[EventRounds "14"]
[EventCountry "ESP"]
[SourceTitle "AjedrezenMadrid"]
[Source "lmi"]
[SourceDate "2023.11.19"]
[SourceVersion "1"]
[SourceVersionDate "2024.03.19"]
[SourceQuality "1"]
[WhiteTeam "Tajamar"]
[BlackTeam "San Fernando de Henares"]
[WhiteTeamCountry "ESP"]
[BlackTeamCountry "ESP"]

1. d4 Nf6 2. c4 e6 3. Nf3 d5 4. Nc3 c6 5. cxd5 exd5 6. Bg5 h6 7. Bf4 Bf5 8. a3
Bd6 9. Bg3 O-O 10. e3 Re8 11. Be2 a5 12. Nd2 Bxg3 13. hxg3 Nbd7 14. O-O Qe7 15.
Re1 Nb6 16. Rc1 Nc8 17. Na4 Nd6 18. Nc5 Nd7 19. Nd3 Bxd3 20. Bxd3 Nf6 21. f3
Qc7 22. g4 Re7 23. Re2 Rae8 24. Nf1 Qb6 25. Qe1 Nd7 26. Qg3 c5 27. Qf2 cxd4 28.
exd4 Rxe2 29. Bxe2 Qxb2 30. Re1 Qxa3 31. Bd1 Nf6 32. Rxe8+ Ndxe8 33. Ng3 Nd6
34. Kh2 Qc3 35. Bc2 b5 36. Bb1 a4 37. Kh3 b4 38. Qe2 Qc8 39. Qe7 Qd7 40. Qe1 b3
41. Qb4 g6 42. Kh2 Kg7 43. Bd3 Qc6 44. Ne2 Nc4 45. Nc3 Qb6 46. Qxa4 Qxd4 47.
Bxc4 dxc4 48. Qa5 b2 49. Nb1 Qf4+ 50. Kh3 Qc1 0-1

[Event "Madrid-chT 2324"]
[Site "Madrid"]
[Date "2024.01.14"]
[Round "5.1"]
[White "Plazuelo Pascual, Juan"]
[Black "Moreno Ruiz, Javier"]
[Result "1-0"]
[WhiteElo "2420"]
[BlackElo "2403"]
[PlyCount "56"]
[EventDate "2023.11.19"]
[EventType "team-tourn"]
[EventRounds "14"]
[EventCountry "ESP"]
[SourceTitle "AjedrezenMadrid"]
[Source "lmi"]
[SourceDate "2023.11.19"]
[SourceVersion "1"]
[SourceVersionDate "2024.03.19"]
[SourceQuality "1"]
[WhiteTeam "Alcorcon Diagonal"]
[BlackTeam "Mostoles"]
[WhiteTeamCountry "ESP"]
[BlackTeamCountry "ESP"]

1. e4 e5 2. Nf3 Nc6 3. Bc4 Bc5 4. d3 Nf6 5. Bg5 h6 6. Bh4 d6 7. c3 g5 8. Bg3
Bg4 9. Nbd2 Qd7 10. b4 Bb6 11. Qb3 Nh5 12. a4 a5 13. b5 Nd8 14. d4 f6 15. O-O-O
Be6 16. Nf1 Qf7 17. Ne3 Bxc4 18. Qxc4 Qxc4 19. Nxc4 Ne6 20. Ne3 O-O-O 21. Kc2
Nhf4 22. Bxf4 Nxf4 23. g3 Nh3 24. Rhf1 h5 25. Nd5 g4 26. Nh4 Rhf8 27. Nf3 Ng5
28. Ng1 Nh3 1-0

[Event "Madrid-chT 2324"]
[Site "Madrid"]
[Date "2024.01.14"]
[Round "5.1"]
[White "Suarez Uriel, Adrian"]
[Black "Rottenwohrer Suarez, Juan"]
[Result "1-0"]
[WhiteElo "2365"]
[BlackElo "2274"]
[PlyCount "75"]
[EventDate "2023.11.19"]
[EventType "team-tourn"]
[EventRounds "14"]
[EventCountry "ESP"]
[SourceTitle "AjedrezenMadrid"]
[Source "lmi"]
[SourceDate "2023.11.19"]
[SourceVersion "1"]
[SourceVersionDate "2024.03.19"]
[SourceQuality "1"]
[WhiteTeam "Collado Villalba"]
[BlackTeam "San Sebastian de los Reyes"]
[WhiteTeamCountry "ESP"]
[BlackTeamCountry "ESP"]

1. e4 c5 2. Nf3 Nc6 3. Bb5 e6 4. O-O Nge7 5. c3 a6 6. Ba4 b5 7. Bc2 Bb7 8. Re1
Rc8 9. d4 cxd4 10. cxd4 Nb4 11. Bb3 Rxc1 12. Qxc1 Nd3 13. Qe3 Nxe1 14. Qxe1 d5
15. e5 Nc6 16. Nc3 Na5 17. Bc2 Nc4 18. b3 Bb4 19. Rc1 Qa5 20. Bd3 Nb2 21. Bb1
Ke7 22. Qe3 h6 23. Ne2 Rd8 24. g4 Ba3 25. Rc2 Rc8 26. Rxc8 Bxc8 27. g5 Qd8 28.
gxh6 gxh6 29. Qxh6 Qg8+ 30. Ng5 Ke8 31. h4 Bb4 32. Qf6 Be7 33. Qf4 a5 34. Qc1
Nc4 35. bxc4 dxc4 36. Be4 Bd7 37. Ng3 Qg7 38. Qf4 1-0

[Event "Madrid-chT 2324"]
[Site "Madrid"]
[Date "2024.01.13"]
[Round "5.2"]
[White "Martinez Reyes, Pedro Ramon"]
[Black "Trost, Edvin"]
[Result "1/2-1/2"]
[WhiteElo "2342"]
[BlackElo "2418"]
[PlyCount "53"]
[EventDate "2023.11.19"]
[EventType "team-tourn"]
[EventRounds "14"]
[EventCountry "ESP"]
[SourceTitle "AjedrezenMadrid"]
[Source "lmi"]
[SourceDate "2023.11.19"]
[SourceVersion "1"]
[SourceVersionDate "2024.03.19"]
[SourceQuality "1"]
[WhiteTeam "Blanco y Negro"]
[BlackTeam "Villalba 64"]
[WhiteTeamCountry "ESP"]
[BlackTeamCountry "ESP"]

1. Nf3 d5 2. g3 g6 3. Bg2 Bg7 4. O-O e5 5. d3 Ne7 6. e4 Nbc6 7. exd5 Nxd5 8.
Nc3 Nde7 9. Rb1 a5 10. Re1 O-O 11. b3 h6 12. Bb2 Nf5 13. a3 Re8 14. Nb5 Rb8 15.
d4 e4 16. Ne5 Nxe5 17. dxe5 c6 18. Nd6 Nxd6 19. Qxd6 Bf5 20. Qxd8 Rbxd8 21.
Bxe4 Bxe5 22. Bxf5 Bxb2 23. Rxe8+ Rxe8 24. Rxb2 Re1+ 25. Kg2 gxf5 26. a4 c5 27.
c3 1/2-1/2

[Event "Madrid-chT 2324"]
[Site "Madrid"]
[Date "2024.01.14"]
[Round "5.2"]
[White "Alfaya Marcelo, Roberto"]
[Black "Ruiz Buendia, Miguel"]
[Result "0-1"]
[WhiteElo "2318"]
[BlackElo "2294"]
[PlyCount "108"]
[EventDate "2023.11.19"]
[EventType "team-tourn"]
[EventRounds "14"]
[EventCountry "ESP"]
[SourceTitle "AjedrezenMadrid"]
[Source "lmi"]
[SourceDate "2023.11.19"]
[SourceVersion "1"]
[SourceVersionDate "2024.03.19"]
[SourceQuality "1"]
[WhiteTeam "San Sebastian de los Reyes"]
[BlackTeam "Collado Villalba"]
[WhiteTeamCountry "ESP"]
[BlackTeamCountry "ESP"]

1. Nf3 d5 2. e3 Nf6 3. c4 c6 4. Nc3 e6 5. d4 Nbd7 6. Bd2 Bd6 7. Bd3 dxc4 8.
Bxc4 a6 9. O-O b5 10. Bd3 c5 11. Ne4 Nxe4 12. Bxe4 Rb8 13. dxc5 Nxc5 14. Bc6+
Bd7 15. Bxd7+ Qxd7 16. Bb4 Nb7 17. Qd4 O-O 18. Rfd1 Rfd8 19. Bc3 f6 20. Qg4 e5
21. Qe4 Nc5 22. Qd5+ Qe6 23. Ba5 Bc7 24. Qxe6+ Nxe6 25. Bxc7 Nxc7 26. Kf1 Kf7
27. Ke2 Ke7 28. g4 Ne6 29. Rac1 Rbc8 30. h4 e4 31. Nd2 Nc5 32. b4 Nd3 33. Rxc8
Rxc8 34. Nxe4 Nxb4 35. a3 Nc2 36. Nd6 Rc7 37. Nf5+ Kf7 38. Rd3 g6 39. Nd6+ Ke7
40. Ne4 Rc4 41. f3 a5 42. Nd2 Ra4 43. Nb1 b4 44. axb4 axb4 45. Rb3 Kd6 46. Rb2
Na3 47. Kd3 Kc5 48. Rc2+ Nxc2 49. Kxc2 Ra2+ 50. Kd3 Rh2 51. Nd2 Kb5 52. Ne4 b3
53. Nxf6 b2 54. Nd5 b1=Q+ 0-1

[Event "Madrid-chT 2324"]
[Site "Madrid"]
[Date "2024.01.14"]
[Round "5.2"]
[White "Beltran de Heredia Eguiaz, Miguel Angel"]
[Black "Rey Martinez, Jaime"]
[Result "1/2-1/2"]
[WhiteElo "2216"]
[BlackElo "2342"]
[PlyCount "30"]
[EventDate "2023.11.19"]
[EventType "team-tourn"]
[EventRounds "14"]
[EventCountry "ESP"]
[SourceTitle "AjedrezenMadrid"]
[Source "lmi"]
[SourceDate "2023.11.19"]
[SourceVersion "1"]
[SourceVersionDate "2024.03.19"]
[SourceQuality "1"]
[WhiteTeam "Mostoles"]
[BlackTeam "Alcorcon Diagonal"]
[WhiteTeamCountry "ESP"]
[BlackTeamCountry "ESP"]

1. e4 c5 2. Nf3 a6 3. c4 Nc6 4. d4 cxd4 5. Nxd4 e5 6. Nf5 Nf6 7. Nc3 d5 8. cxd5
Bxf5 9. exf5 Nd4 10. g4 Nxd5 11. Bg2 Nxc3 12. bxc3 Nc6 13. O-O Be7 14. Rb1 Qc7
15. g5 Bc5 1/2-1/2

[Event "Madrid-chT 2324"]
[Site "Madrid"]
[Date "2024.01.14"]
[Round "5.2"]
[White "Perez Gonzalez, Jose Manuel"]
[Black "Centron Antuna, Daniel"]
[Result "1/2-1/2"]
[WhiteElo "2193"]
[BlackElo "2195"]
[PlyCount "151"]
[EventDate "2023.11.19"]
[EventType "team-tourn"]
[EventRounds "14"]
[EventCountry "ESP"]
[SourceTitle "AjedrezenMadrid"]
[Source "lmi"]
[SourceDate "2023.11.19"]
[SourceVersion "1"]
[SourceVersionDate "2024.03.19"]
[SourceQuality "1"]
[WhiteTeam "San Fernando de Henares"]
[BlackTeam "Blanco y Negro"]
[WhiteTeamCountry "ESP"]
[BlackTeamCountry "ESP"]

1. e4 c5 2. Nf3 d6 3. d4 cxd4 4. Nxd4 Nf6 5. Nc3 a6 6. Bc4 e6 7. O-O b5 8. Bb3
Be7 9. Qf3 Qb6 10. Bg5 O-O 11. Rad1 Nbd7 12. Rfe1 Bb7 13. Qh3 Nc5 14. Qh4 h6
15. Bxh6 gxh6 16. Qxh6 Ng4 17. Qh5 Ne5 18. f4 Nxb3 19. axb3 Ng6 20. f5 Qc5 21.
b4 Qe5 22. Nf3 Qf6 23. fxg6 fxg6 24. Qg4 Rac8 25. Rf1 Kh7 26. Qh3+ Kg8 27. Nd4
Qe5 28. Qxe6+ Qxe6 29. Rxf8+ Kxf8 30. Nxe6+ Kf7 31. Nf4 Rc4 32. Rf1 Bxe4 33.
Nfd5+ Ke6 34. Re1 Bd8 35. Kf2 Rd4 36. Rxe4+ Rxe4 37. Nxe4 Kxd5 38. Ke3 Kc4 39.
Nxd6+ Kxb4 40. Kd3 Bc7 41. Nc8 Bxh2 42. Ne7 g5 43. Nc6+ Kc5 44. Nd4 Kd5 45. b4
g4 46. c3 Bc7 47. Nc2 Bb6 48. Na3 Ke5 49. c4 Kf4 50. Ke2 bxc4 51. Nxc4 Bd8 52.
Ne3 Kg3 53. Kf1 Bc7 54. Ke2 Bf4 55. Nd5 Be5 56. Kf1 Bd6 57. Kg1 Be5 58. Kf1 Bb8
59. Kg1 Bd6 60. Kf1 Bf4 61. Ke2 Bc1 62. Kf1 Bd2 63. Kg1 Kh4 64. Kf2 Kg5 65. g3
Kf5 66. Ke2 Bg5 67. Nc7 Be7 68. Nxa6 Bd6 69. Kf2 Ke4 70. b5 Kd5 71. Kg2 Kc4 72.
b6 Kb5 73. Nc7+ Kxb6 74. Nd5+ Kc5 75. Nf6 Bxg3 76. Kxg3 1/2-1/2

[Event "Madrid-chT 2324"]
[Site "Madrid"]
[Date "2024.01.13"]
[Round "5.3"]
[White "Garrido Dominguez, Jesus"]
[Black "Hidalgo Duque, Carlos"]
[Result "1/2-1/2"]
[WhiteElo "2408"]
[BlackElo "2275"]
[PlyCount "50"]
[EventDate "2023.11.19"]
[EventType "team-tourn"]
[EventRounds "14"]
[EventCountry "ESP"]
[SourceTitle "AjedrezenMadrid"]
[Source "lmi"]
[SourceDate "2023.11.19"]
[SourceVersion "1"]
[SourceVersionDate "2024.03.19"]
[SourceQuality "1"]
[WhiteTeam "Villalba 64"]
[BlackTeam "Blanco y Negro"]
[WhiteTeamCountry "ESP"]
[BlackTeamCountry "ESP"]

1. e4 c5 2. Nf3 d6 3. d4 cxd4 4. Nxd4 Nf6 5. Nc3 a6 6. g3 e6 7. Bg2 Be7 8. O-O
O-O 9. a4 Qc7 10. a5 Nc6 11. Nxc6 bxc6 12. Be3 Nd7 13. Na4 c5 14. e5 Rb8 15.
exd6 Bxd6 16. b3 Be5 17. c3 Bb7 18. Bxb7 Rxb7 19. Qe2 Rb5 20. Rad1 Bf6 21. c4
Rxb3 22. Rxd7 Qxd7 23. Nxc5 Rxe3 24. Qxe3 Qc7 25. Nxa6 Qxa5 1/2-1/2

[Event "Madrid-chT 2324"]
[Site "Madrid"]
[Date "2024.01.14"]
[Round "5.3"]
[White "Centeno Mendoza, Julio Stefano"]
[Black "Martinez Fernandez, Raul"]
[Result "0-1"]
[WhiteElo "2099"]
[BlackElo "2181"]
[PlyCount "64"]
[EventDate "2023.11.19"]
[EventType "team-tourn"]
[EventRounds "14"]
[EventCountry "ESP"]
[SourceTitle "AjedrezenMadrid"]
[Source "lmi"]
[SourceDate "2023.11.19"]
[SourceVersion "1"]
[SourceVersionDate "2024.03.19"]
[SourceQuality "1"]
[WhiteTeam "Collado Villalba"]
[BlackTeam "San Sebastian de los Reyes"]
[WhiteTeamCountry "ESP"]
[BlackTeamCountry "ESP"]

1. e4 e5 2. Nf3 Nc6 3. Bc4 Nf6 4. d3 h6 5. O-O d6 6. c3 g5 7. Be3 Bg7 8. Nbd2
O-O 9. Bb3 d5 10. Bc5 Re8 11. Qc2 Be6 12. h3 Nh5 13. exd5 Bxd5 14. g3 b6 15.
Ba3 Bxb3 16. axb3 Qd7 17. Kh2 Rad8 18. Ne1 f5 19. Rd1 Nf6 20. b4 e4 21. dxe4
fxe4 22. Ng2 Ne5 23. Ne3 Qe6 24. Kg2 Nd3 25. Qb3 Nd5 26. Kh2 Kh8 27. Nxd5 Rxd5
28. c4 Rdd8 29. Nb1 Qf5 30. Nc3 Nxf2 31. Nd5 Qxh3+ 32. Kg1 e3 0-1